Normal view
MARC view
- Manufacturing Engineering and Technology
Entry Topical Term
001 - CONTROL NUMBER
- control field: 112399
003 - CONTROL NUMBER IDENTIFIER
- control field: NUST
005 - DATE AND TIME OF LATEST TRANSACTION
- control field: 20230517093702.0
008 - FIXED-LENGTH DATA ELEMENTS
- fixed length control field: 230517|| aca||aabn | a|a d
040 ## - CATALOGING SOURCE
- Original cataloging agency: NUST
- Transcribing agency: NUST
150 ## - HEADING--TOPICAL TERM
- Topical term or geographic name entry element: Manufacturing Engineering and Technology
670 ## - SOURCE DATA FOUND
- Source citation: Work cat.: (NUST): Kalpakjian, Serope, Manufacturing Engineering and Technology, 2013.
